000 00442nam a2200169 4500
001 9237
005 20230410121005.0
008 060907n2000 dr spa
020 _a0754617645
035 _9funglode9312
041 _aEN
050 1 4 _aJF 197 R336 2000
245 0 _aRegionalism in the post-cold war wold /
_cStephen C. Calleya ,ed
260 _aAldershot :
_bAshgate,
_c2000
300 _av, 254 p.
942 _2lcc
_cbk
999 _c55788
_d55788